000 00735nas a22002417a 4500
003 NALT
005 20220110160531.0
006 a|||||r|||| 00| 0
007 ca aa aaaaa
008 220110b th ||||| |||| 00| 0 tha d
022 _a16855477
040 _aNALT
041 _atha
245 0 0 _aนิเทศศาสตร์ธุรกิจบัณฑิตย์
246 3 1 _aDHURAKIJ PUNDIT COMMUNICATION ARTS JOURNAL
310 _aรายหกเดือน
500 _aวารสารอิเล็กทรอนิกส์
650 _2การสื่อสาร
850 _aNALT
856 _uhttps://so01.tci-thaijo.org/index.php/dpuca/issue/archive
942 _cEJN
998 _ajintana
_h755
_j755
_k จินตนา เอี่ยมคง
999 _c98832
_d98832